000 01658nam a2200385Ia 4500
001 ebr10559038
003 CaPaEBR
006 m u
007 cr cn|||||||||
008 051021s2006 quc sb 001 0 eng d
020 _z0773530622
020 _z077353072X
020 _z9780773530621
020 _z9780773575578
040 _aCaPaEBR
_cCaPaEBR
035 _a(OCoLC)759157054
050 1 4 _aGE190.C2
_bI55 2006eb
245 0 0 _aInnovation, science, environment
_h[electronic resource] :
_bCanadian policies and performance, 2006-2007 /
_cedited by G. Bruce Doern.
260 _aMontreal ;
_aIthaca :
_bPublished for the School of Public Policy and Administration, Carleton University by McGill-Queen's University Press,
_cc2006.
300 _aviii, 245 p.
504 _aIncludes bibliographical references and index.
533 _aElectronic reproduction.
_bPalo Alto, Calif. :
_cebrary,
_d2011.
_nAvailable via World Wide Web.
_nAccess may be limited to ebrary affiliated libraries.
650 0 _aEnvironmental policy
_zCanada.
650 0 _aEnvironmental policy.
650 0 _aResearch institutes
_zCanada.
650 0 _aScience and state
_zCanada.
650 0 _aScience and state.
650 0 _aTechnological innovations
_xGovernment policy
_zCanada.
650 0 _aTechnological innovations
_xGovernment policy.
655 7 _aElectronic books.
_2local
700 1 _aDoern, G. Bruce.
710 2 _aCarleton University.
_bSchool of Public Policy and Administration.
710 2 _aebrary, Inc.
856 4 0 _uhttp://site.ebrary.com/lib/rucke/Doc?id=10559038
_zAn electronic book accessible through the World Wide Web; click to view
999 _c89341
_d89341